banner-ar

الاعلام فى العالم العربى بين التحرير واعادة انتاج الهيمنة : (Record no. 64457)

MARC details
000 -الفاتح
حقل البيانات ثابتة الطول 01619nam a22003257a 4500
005 - وقت وتاريخ اخر تعامل مع التسجيلة
رقم الضبط 20240530110732.0
008 - عناصر البيانات ثابتة الطول - معلومات عامة
حقل البيانات ثابتة الطول 180514s2007 ua g 000 0 ara d
017 ## - رقم الايداع القانونى
المصدر ( الهيئة المختصة) مصر. دار الكتب
رقم الايداع القانونى 2007/15165
040 ## - مصدر الفهرسة
وكالة الفهرسة الأصلية EG-CaGPL
وكالة النسخ EG-CaGPL
082 04 - رقم تصنيف ديوى العشرى
رقم الطبعة 21
رقم التصنيف 001.5 /
رقم المادة ع إ
100 0# - المدخل الرئيسى - إسم شخصى
الإسم الشخصى عبدالكريم العبدلاوى
245 12 - بيان العنوان
العنوان الاعلام فى العالم العربى بين التحرير واعادة انتاج الهيمنة :
بقية العنوان دراسات فى البث الاعلامى فى الاردن ومصر والمغرب /
بيان المسئوليه,etc اعداد عبدالكريم العبدلاوى، عصام الدين محمد حسن، محمد قطيشات ؛ تقديم معتز الفجيرى ؛ تحرير عصام الدين محمد حسن
250 ## - بيان الطبعة
بيان الطبعة ط.1
260 ## - PUBLICATION, DISTRIBUTION, ETC. (IMPRINT)
تاريخ النشر أو التوزيع 2007.
300 ## - الوصف المادى
التعداد 416 ص. ؛
أبعاد الوعاء 24 سم.
490 0# - بيان السلسلة
عنوان السلسلة سلسلة قضايا الاصلاح ؛
رقم المجلد/ التعيين التسلسلي 15.
650 07 - المدخل الاضافى بالموضوع-مصطلح موضوعى
مصدر الرأس أو المصطلح qrmak
مصطلح موضوعي وسائل الاعلام
650 07 - المدخل الاضافى بالموضوع-مصطلح موضوعى
مصدر الرأس أو المصطلح qrmak
مصطلح موضوعي الاعلام
التقسيم الفرعي العام فلسفة ونظريات
650 07 - المدخل الاضافى بالموضوع-مصطلح موضوعى
مصدر الرأس أو المصطلح qrmak
مصطلح موضوعي الوعى الاجتماعى
650 07 - المدخل الاضافى بالموضوع-مصطلح موضوعى
مصدر الرأس أو المصطلح qrmak
مصطلح موضوعي الاعلام
التقسيم الفرعي الجغرافي الاردن
650 07 - المدخل الاضافى بالموضوع-مصطلح موضوعى
مصدر الرأس أو المصطلح qrmak
مصطلح موضوعي الاعلام
التقسيم الفرعي الجغرافي مصر
650 07 - المدخل الاضافى بالموضوع-مصطلح موضوعى
مصدر الرأس أو المصطلح qrmak
مصطلح موضوعي الاعلام
التقسيم الفرعي الجغرافي المغرب
651 ## - المدخل الاضافى بالموضوع - اسم جغرافى
مصدر الرأس أو المصطلح qrmak
700 0# - المدخل الاضافى - اسم شخصى
الإسم الشخصى عصام الدين محمد حسن
الدور مؤلف مشارك
700 0# - المدخل الاضافى - اسم شخصى
الإسم الشخصى محمد قطيشات
الدور مؤلف مشارك
700 0# - المدخل الاضافى - اسم شخصى
الإسم الشخصى معتز الفجيرى
الدور مقدم
700 0# - المدخل الاضافى - اسم شخصى
الإسم الشخصى عصام الدين محمد حسن
الدور محرر
942 ## - عناصر المدخل الإضافي( كوها)
مصدر التصنيف او مخطط الترفيف Dewey Decimal Classification
Koha [default] item type كتاب
260 ## - PUBLICATION, DISTRIBUTION, ETC. (IMPRINT)
-- القاهرة :
-- مركز القاهرة لدراسات حقوق الانسان ،
Holdings
حالة التراجع حالة الفقد حالة تلف ليس للاعارة المكان المؤقت الموقع الحالى موقع الترفيف تاريخ الاكتساب اجمالي اﻻعارات رقم الطلب الباركود تاريخ اخر مشاهدة تاريخ تفعيل السعر نوع وعاء كوها
        مكتبة القاهرة الكبرى مكتبة القاهرة الكبرى القاعة الرئيسية 05/14/2018   001.5 / ع إ 164770 05/14/2018 05/14/2018 كتاب

Powered By

EGPV